000 00513nam a2200181Ia 4500
005 20250326141655.0
008 250326s9999 xx 000 0 und d
037 _aTextbook
040 _aFMSL
_beng
_cFMSL
041 _aeng
_2eng
084 _qFMSL
100 _aMiller Richard B
_9319443
245 0 _aSuper Banking : Innovative management strategies that work
_cMiller Richard B
260 _aHomewood
_bHomewood, D& W Jones IRWIN
_c1989
300 _a223p
942 _cTB
999 _c1291435
_d1291435